000
00221nam a2200097Ia 4500
008
240625s9999 xx 000 0 und d
041
_a
eng
100
_a
P C QUEST
245
_a
P C QUEST BUSINESS MANAGEMENT
260
_c
2006
999
_c
33405
_d
33405